000
00310nam a22001337a 4500
008
181101b xxu||||| |||| 00| 0 eng d
020
_a
0871011247
041
_a
eng
080
_a
316
100
_a
50
101
_a
SOC
245
_a
A Quarter-Century of Social Work Education
_c
Dinerman,M
942
_2
udc
_c
BK
999
_c
51455
_d
51455